Nueva literatura económica dominicana : (Registro nro. 14573)

Detalles MARC
000 -LEADER
fixed length control field 01751nam a2200337 a 4500
003 - CONTROL NUMBER IDENTIFIER
control field DO-SdBNP
005 - DATE AND TIME OF LATEST TRANSACTION
control field 20240216114020.0
008 - FIXED-LENGTH DATA ELEMENTS--GENERAL INFORMATION
fixed length control field 130307s2009 dr 000 0 spa d
020 ## - INTERNATIONAL STANDARD BOOK NUMBER
International Standard Book Number 8489953236
040 ## - CATALOGING SOURCE
Original cataloging agency DO-SdBNP
Language of cataloging spa
Transcribing agency BPMSU
082 ## - DEWEY DECIMAL CLASSIFICATION NUMBER
Classification number 330.97293
Item number S237n 1999
Edition number 22
100 1# - MAIN ENTRY--PERSONAL NAME
Personal name Santos Paulino, Amelia Uliafnova
245 10 - TITLE STATEMENT
Title Nueva literatura económica dominicana :
Remainder of title Premios de la Biblioteca "Juan Pablo Duarte" 1998 /
Statement of responsibility, etc. Amelia Uliafnova, José R. Sánchez Fung, Rolando Reyes ; edición Ramón Pereyra
260 ## - PUBLICATION, DISTRIBUTION, ETC. (IMPRINT)
Place of publication, distribution, etc. Santo Domingo :
Name of publisher, distributor, etc. Banco Central de la República Dominicana,
Date of publication, distribution, etc. 1999
300 ## - PHYSICAL DESCRIPTION
Extent 144 p. ;
Dimensions 24 cm.
490 0# - SERIES STATEMENT
Series statement Banco Central de la República Dominicana
500 ## - GENERAL NOTE
General note Incluye referencias bibliográficas y notas al pie de las páginas
505 0# - FORMATTED CONTENTS NOTE
Title Inversión extranjera directa, comercio y crecimiento en la República Dominicana y América Latina /
Statement of responsibility Amelia Uliafnova Santos Paulino --
Title Neutralidad monetaria : un análisis econométrico para el caso de la República Dominicana /
Statement of responsibility José R. Sánchez Fung --
Title La propiedad de interés y la determinación de la eficiencia de los mercados cambiarios /
Statement of responsibility Rolando Reyes.
586 ## - AWARDS NOTE
Awards note Primios de la Biblioteca "Juan Pablo Duarte" 1998
590 ## - LOCAL NOTE (RLIN)
Local note Inventariado, 2024/VM
650 #4 - SUBJECT ADDED ENTRY--TOPICAL TERM
Topical term or geographic name as entry element Cambio exterior
Geographic subdivision República Dominicana
Form subdivision
650 #4 - SUBJECT ADDED ENTRY--TOPICAL TERM
Topical term or geographic name as entry element Desarrollo económico
Geographic subdivision República Dominicana
Form subdivision
650 #4 - SUBJECT ADDED ENTRY--TOPICAL TERM
Topical term or geographic name as entry element Política monetaria
Geographic subdivision República Dominicana
Form subdivision
651 #4 - SUBJECT ADDED ENTRY--GEOGRAPHIC NAME
Geographic name República Dominicana
General subdivision Política económica
700 1# - ADDED ENTRY--PERSONAL NAME
Personal name Sánchez Fung, José R.
Relator term autor
700 1# - ADDED ENTRY--PERSONAL NAME
Personal name Reyes, Rolando
Relator term autor
700 1# - ADDED ENTRY--PERSONAL NAME
Personal name Pereyra, Ramón
Relator term ed.
710 2# - ADDED ENTRY--CORPORATE NAME
Corporate name or jurisdiction name as entry element Banco Central de la República Dominicana
910 ## - USER-OPTION DATA (OCLC)
User-option data VMateo V. Control de calidad. BPMSU
942 ## - ADDED ENTRY ELEMENTS (KOHA)
Source of classification or shelving scheme Dewey Decimal Classification
Koha item type Libros
Existencias
Withdrawn status Lost status Source of classification or shelving scheme Damaged status Not for loan Collection code Home library Current library Date acquired Total Checkouts Full call number Barcode Date last seen Price effective from Koha item type
    Dewey Decimal Classification     Colección Dominicana Biblioteca Pública Metropolitana Salomé Ureña Biblioteca Pública Metropolitana Salomé Ureña 02/16/2024   BPMSU CD 330.97293 N964L1999 BPMSU24020335 02/16/2024 02/16/2024 Libros